Digital Signal Processing (Record no. 939)
[ view plain ]
| 000 -LEADER | |
|---|---|
| fixed length control field | 00355nam a2200145Ia 4500 |
| 008 - FIXED-LENGTH DATA ELEMENTS--GENERAL INFORMATION | |
| fixed length control field | 191201s2005 xx 000 0 und d |
| 082 ## - DEWEY DECIMAL CLASSIFICATION NUMBER | |
| Classification number | 621.3822 |
| Item number | SAD |
| 100 ## - MAIN ENTRY--PERSONAL NAME | |
| Personal name | Salivahanan,S |
| 245 #0 - TITLE STATEMENT | |
| Title | Digital Signal Processing |
| 250 ## - EDITION STATEMENT | |
| Edition statement | 15th Rep |
| 260 ## - PUBLICATION, DISTRIBUTION, ETC. (IMPRINT) | |
| Place of publication, distribution, etc | N.Delhi |
| Name of publisher, distributor, etc | Tata mc Graw Hill |
| Date of publication, distribution, etc | 2005 |
| 300 ## - PHYSICAL DESCRIPTION | |
| Extent | 808 |
| 650 ## - SUBJECT ADDED ENTRY--TOPICAL TERM | |
| Topical term or geographic name as entry element | B.Tech(ECE) |
| 942 ## - ADDED ENTRY ELEMENTS (KOHA) | |
| Source of classification or shelving scheme | Dewey Decimal Classification |
| Koha item type | Text Books |
| 942 ## - ADDED ENTRY ELEMENTS (KOHA) | |
| -- | 9 |
| Withdrawn status | Lost status | Source of classification or shelving scheme | Damaged status | Not for loan | Collection code | Home library | Current library | Date acquired | Source of acquisition | Cost, normal purchase price | Bill Number | Total Checkouts | Full call number | Acc. no. / Barcode | Date last seen | Date last borrowed | Bill Date | Koha item type | Checked out |
|---|---|---|---|---|---|---|---|---|---|---|---|---|---|---|---|---|---|---|---|
| Dewey Decimal Classification | B.Tech(ECE) | PIET C-LIBRARY | PIET C-LIBRARY | 09/08/2005 | UBS pub and dis ltd n. delhi | 300.00 | 125415 | 2 | 621.3822 SAD | 751 | 19/01/2022 | 23/12/2021 | 18/08/2005 | Text Books | |||||
| Dewey Decimal Classification | B.Tech(ECE) | PIET C-LIBRARY | PIET C-LIBRARY | 09/08/2005 | UBS pub and dis ltd n. delhi | 300.00 | 125415 | 7 | 621.3822 SAD | 752 | 06/11/2025 | 27/10/2025 | 18/08/2005 | Text Books | |||||
| Dewey Decimal Classification | B.Tech(ECE) | PIET C-LIBRARY | PIET C-LIBRARY | 09/08/2005 | UBS pub and dis ltd n. delhi | 300.00 | 125415 | 11 | 621.3822 SAD | 753 | 24/12/2025 | 19/12/2025 | 18/08/2005 | Text Books | |||||
| Dewey Decimal Classification | B.Tech(ECE) | PIET C-LIBRARY | PIET C-LIBRARY | 09/08/2005 | UBS pub and dis ltd n. delhi | 300.00 | 125415 | 7 | 621.3822 SAD | 754 | 24/12/2025 | 17/12/2025 | 18/08/2005 | Text Books | |||||
| Dewey Decimal Classification | B.Tech(ECE) | PIET C-LIBRARY | PIET C-LIBRARY | 09/08/2005 | UBS pub and dis ltd n. delhi | 300.00 | 125415 | 1 | 621.3822 SAD | 755 | 14/02/2022 | 14/02/2022 | 18/08/2005 | Text Books | 15/08/2022 |